LEADER 01046nam a2200217 i 4500 001 000000244371 003 CaOOAMICUS 005 20150804000000.0 008 150804s1784 it u000 u ita u 013 $a223276 026 $a56a- i-on nos- Pufe (3) 1784 (R) 040 $aSeMil$bita 245 10$aTomo 2. 300 $a348 p. 500 $aSegn. : A-O12 P6. 500 $aMarca editoriale: Aquila bicipite con una corona tra le due teste. In una cornice figurata. (Repertorio consultato: Marte, BNC Roma). 773 0 $aCroiset, Jean $tRiflessioni cristiane sopra varj soggetti di morale, utili ad ogni sorta di persone ... Opera del padre Giovanni Croiset della Compagnia di Gesł. Traduzione dal francese di Selvaggio Canturani. Tomo 1. [-2.].$dIn Venezia : Nella stamperia Baglioni, 1784.$g2$w()32358 850 $aSeMil 852 $aSeMil$W1$xVenegono$y1$m2ZA VI 11 FA$j194717$B194717$CSeMilBibl$Z2$F205239 $8I 961 $aOmaggio: Biblioteca Seminario Duomo 996 $6245$aTomo 2$9(OLS)http://semarc/title/49331 LEADER 01037nam a2200217 i 4500 001 000000005752 003 CaOOAMICUS 005 20180830125437.0 008 180830s1954 it u000 u ita u 040 $aSeMil$bita 245 10$aStoria delle religioni /$cdiretta da Pietro Tacchi Venturi. 4. ed. riveduta. 250 $a4. ed. riveduta. 260 $aTorino :$bUnione Tipografico-Editrice Torinese,$c1954. 300 $a2 v. ;$c27 cm. 650 4$aReligioni - Enciclopedie e dizionari.$0(OLS)http://semarc/subject/265 650 4$aReligioni - Storia.$0(OLS)http://semarc/subject/266 700 1 $aTacchi Venturi, Pietro .$0(OLS)http://semarc/name/89179 774 0 $tVol. 1.$b4. ed. riveduta.$dTorino : Unione Tipografico-Editrice Torinese, 1954.$g1$w()59180 774 0 $tVol. 2.$b4. ed. riveduta.$dTorino : Unione Tipografico-Editrice Torinese, 1954.$g2$w()189981 996 $6245$aStoria delle religioni$9(OLS)http://semarc/title/2552 996 $6260$aTorino :$bUnione Tipografico-Editrice Torinese$9(OLS)http://semarc/publisher/29628